00767nam a2200205 i 450000100060000000300090000600500170001500700030003200800410003510000300007624502070010626000350031330000540034865000170040265000180041970000190043770000230045671000600047985200220053941717ES-MaACL20251015063054.0t|030311s1962 sp ||||1| spa d0 aCassou, Jean, d1897-198610aGenésis del siglo XX / cJean Cassou, Emile Langui, Nikolans Pevsner ; publicado bajo los auspicios del Consejo de Cooperación Cultural con motivo de la VI Exposición de Arte de Consejo de Europa. aBarcelona : bSalvat, c[1962] a363 p., LII lám. : b102 lám., il. ; c35 cm.00aArte-yS.XIX 7aArte-yS.XX21 aLangui, Emile.1 aPevsner, Nikolaus.2 aConsejo de Europa. bConsejo de Cooperación Cultural. aES-MaACLjC-24263